Trắc địa và bản đồ kỹ thuật số trong xây dựng
Gíao trình trình bày hai vấn đề . Thứ nhất là trắc địa trong xây dựng, thứ hai là công nghệ đo vẽ và thành lập bản đồ số,...
Shranjeno v:
| Glavni avtor: | |
|---|---|
| Format: | Knjiga |
| Jezik: | Undetermined |
| Izdano: |
Hà Nội
Giáo Dục
2000
|
| Teme: | |
| Oznake: |
Označite
Brez oznak, prvi označite!
|
| Thư viện lưu trữ: | Trung tâm Học liệu Trường Đại học Cần Thơ |
|---|
| LEADER | 00808nam a2200193Ia 4500 | ||
|---|---|---|---|
| 001 | CTU_47464 | ||
| 008 | 210402s9999 xx 000 0 und d | ||
| 082 | |a 526.9 | ||
| 082 | |b Th121 | ||
| 100 | |a Nguyễn, Thế Thận | ||
| 245 | 0 | |a Trắc địa và bản đồ kỹ thuật số trong xây dựng | |
| 245 | 0 | |c Nguyễn Thế Thận, Nguyễn Thạc Dũng | |
| 260 | |a Hà Nội | ||
| 260 | |b Giáo Dục | ||
| 260 | |c 2000 | ||
| 520 | |a Gíao trình trình bày hai vấn đề . Thứ nhất là trắc địa trong xây dựng, thứ hai là công nghệ đo vẽ và thành lập bản đồ số,... | ||
| 650 | |a Geographic Information Systems,Geodesy | ||
| 904 | |i Năm | ||
| 980 | |a Trung tâm Học liệu Trường Đại học Cần Thơ | ||